00313 a2200097 4500001000900000005001700009008004100026245008700067100001900154773004200173ART_588020260410161618.0260409a 10aIntroducción a la Ley 26.268 que reforma el Código Penal y la Ley "Antilavado"1 aOklander, Juan0 tEnfoquesg- Nº 8 (ago. 2007)wREV416